000 00762nam a22002777a 4500
001 BR7400278
003 BR-BrBNA
005 20230928084506.0
007 ta
008 230509b bl.||||| |||| 00| 0 por d
040 _aBR-BrBNA
_bpor
_cBiblioteca Nacional de Agricultura
041 _a(Por)
072 _aE70
_b2120
090 _ 2120 BR7400278
110 1 _aCongresso Nacional, Brasilia, DF (Brasil). Comissao Mista do Cafe
_92576
245 1 _aO acordo internacional do cafe [Mercado; Preco]
_bAnexo 8
260 3 _aBrasilia, DF (Brasil):
_c[nd].
300 _a69 p.
500 _aPublished after 1970
650 _aCAFE
650 _aMERCADO
650 _aPRECO
650 _aEXPORTACAO
909 _a202309
_bLucia
_c55
_dLucia Elande
942 _cBK
999 _c19328
_d19328